• 首页
  • 本馆介绍
  • 公告通知
  • 最新文献
  • 馆藏检索
  • 电子资源
  • 读者导购
  • 参考咨询
  • 我的图书馆
  • 登录
  • 详细信息显示
  • 放入我的书架
  • 预约/预借图书
  • 作者相关作品
  • 分类相关作品
  • 丛书相关作品
  • 出版社相关作品

书目信息

  • 表格格式
  • 工作单格式
  • 卡片格式
题名:
找“亲戚”
    
 
作者: 张福奎 著
分册:  
出版信息: 北京   少年儿童出版社  1979.03
页数: 101页
开本: 19cm
丛书名: 少年科学丛书
单 册:
中图分类: I287.39
科图分类:
主题词: 儿童文学--中国 , 儿童文学--中国--丛书
电子资源:
ISBN:
000 00729nam0 2200253 45
001 0301150902
005 20070918111201.90
010    @dCNY0.26
091    @aR13024.59
100    @a20030115d1979 km y0chiy0120 ea
101 0  @achi
105    @aa z 000zy
200 1  @a找“亲戚”@AZhao“Qin Qi”@e科学相声集@EKe Xue Xiang Sheng Ji@f张福奎等著@FZhang Fu Kui Deng Zhu
210    @a北京@c少年儿童出版社@d1979.03
215    @a101页@d19cm
225    @a少年科学丛书
410    @12001 @a少年科学丛书
517    @a科学相声集@AKe Xue Xiang Sheng Ji
606 0  @a儿童文学@x中国
606 0  @a儿童文学@x中国@x丛书
690    @aI287.39@v3
701  0 @a张福奎@4著
801    @aCN@bTSTC@c20070918
905    @f1@b14407@dI287.39@e23
    
    找“亲戚”:科学相声集/张福奎等著.-北京:少年儿童出版社,1979.03
    101页;19cm.-(少年科学丛书)
    
    
    ISBN :CNY0.26
    
●
相关链接 在E读中查询图书 在五车中查询图书 在当当中查询图书 在豆瓣中查询图书


正题名:找"亲戚"     索取号:I287.39/23         预约/预借

序号 登录号 条形码 馆藏地/架位号 状态 备注
1 0014407   001740833   第一样本阅览室/ [索取号:I287.39/23] 在馆    
2 0014409   001651304   密集书库/ [索取号:I287.39/23] 在馆    
唐山师范学院图书馆 欢迎您!
大连网信软件有限公司© 版权所有